[Event "Cheliabinsk Winter op"]
[Site "Cheliabinsk"]
[Date "2009.12.??"]
[Round "6"]
[White "Kalinin, Viacheslav"]
[Black "Smetanin, Anatoly1111"]
[Result "1-0"]
[WhiteElo "2071"]
[BlackElo "1820"]
[PlyCount "51"]
[EventDate "2009.11.30"]
[EventType "swiss"]
[EventRounds "9"]
[EventCountry "RUS"]
[SourceTitle "EXT 2012"]
[Source "ChessBase"]
[SourceDate "2011.11.24"]
[SourceVersion "1"]
[SourceVersionDate "2011.11.24"]
[SourceQuality "1"]

1. e4 d5 2. exd5 Qxd5 3. Nc3 Qd8 4. d4 c6 5. Bf4 Nf6 6. Nf3 Bf5 7. Bd3 Bxd3 8. Qxd3 e6 9. 0-0 Nbd7 10. Rfe1 Be7 11. Re2 0-0 12. Rae1 Nd5 13. Nxd5 cxd5 14. g4 h6 15. Kg2 Nf6 16. Ne5 Nd7 17. Bc1 Nxe5 18. Rxe5 Rc8 19. Rh5 g6 20. Rxh6 Bg5 21. Rxg6+ fxg6 22. Qxg6+ Kh8 23. Bxg5 Qd7 24. Re3 Rf7 25. Rh3+ Rh7 26. Bf6+ 1-0